000 01399nam a2200337 c 4500
003 BLK
005 20240925134055.0
008 180409b bul|||||r ||||||| ||bul||
010 _aKNG00134364000
020 _a978-954-528-949-1
_bиздат.: Труд
040 _aBLK
041 _aBUL
_cBUL
072 7 _2bullib
_aН84
_xБългарска художествена литература Н
080 _aБългарска литература
_b821.163.2
_x-31
_z821.163.2-31
100 _aСтойчев, Марко Кънчев
_d1931 - 2006
_9248879
700 1 _aСлавов, Атанас Василев
_eсъавт.
_9367110
139 _aСтойчев, Марко Кънчев и др.
_bС 82
245 1 0 _aГневът на мачките
_bГолям епико-битов порнографски роман : Бой с диваци : Социални драми
_cМарко Кънчев Стойчев; съавт. Атанас Василев Славов.
257 _aBGR
260 София
_bТруд
_c2009
_fСофия : Инвестпрес
300 _a304 с.
_bс ил.
_c20 см
380 _aX
500 _aСъдържа за авт.
659 _aН
852 _aЦб 256490
856 4 _qpdf
_u
856 4 _qpdf
_u
942 _cKNG
_n0
944 _aCR
_c28.09.2012
_k30560
_lГеновева Генчева
944 _aED
_c02.04.2013
_k
999 _c128639
_d128639